[Event "Khanty-Mansiysk Governor Cup Rapid 20th"]
[Site "Khanty-Mansiysk"]
[Date "2024.11.25"]
[Round "9"]
[White "Toropov, Timofey"]
[Black "Shakhov, Dmitriy"]
[Result "1-0"]
[WhiteElo "1806"]
[BlackElo "1955"]
[PlyCount "65"]
[EventDate "2024.11.23"]
[EventType "swiss (rapid)"]
[EventRounds "11"]
[EventCountry "RUS"]
[SourceTitle "CB48_2024"]
[SourceDate "2024.11.28"]
[SourceVersion "1"]
[SourceVersionDate "2024.11.28"]
[SourceQuality "1"]

1. d4 Nf6 2. c4 e6 3. Nc3 Bb4 4. e3 0-0 5. Bd2 b6 6. Nf3 c5 7. Bd3 Bb7 8. 0-0 cxd4 9. exd4 d5 10. cxd5 Bxc3 11. bxc3 exd5 12. Bg5 Ba6 13. Bxa6 Nxa6 14. Ne5 Qd6 15. Bxf6 gxf6 16. Ng4 f5 17. Ne3 f4 18. Nf5 Qf6 19. Qg4+ Kh8 20. Qxf4 Rfe8 21. Rfe1 Re6 22. Re5 Rae8 23. Rae1 Nc7 24. g3 Nb5 25. R1e3 Na3 26. Rxd5 Nc4 27. Rf3 Re1+ 28. Kg2 R1e2 29. Rd7 Nd2 30. Nd6 Qxf4 31. Rxf4 R8e7 32. Rd8+ Kg7 33. Nf5+ 1-0

[Event "Khanty-Mansiysk Governor Cup Rapid 20th"]
[Site "Khanty-Mansiysk"]
[Date "2024.11.23"]
[Round "3"]
[White "Obgolts, Erik"]
[Black "Shakhov, Dmitriy"]
[Result "1/2-1/2"]
[WhiteElo "2419"]
[BlackElo "1955"]
[PlyCount "102"]
[EventDate "2024.11.23"]
[EventType "swiss (rapid)"]
[EventRounds "11"]
[EventCountry "RUS"]
[SourceTitle "CB48_2024"]
[SourceDate "2024.11.28"]
[SourceVersion "1"]
[SourceVersionDate "2024.11.28"]
[SourceQuality "1"]

1. Nf3 Nf6 2. c4 e6 3. g3 d5 4. Bg2 dxc4 5. Qa4+ c6 6. Qxc4 b5 7. Qc2 Bb7 8. d4 Qb6 9. 0-0 c5 10. a4 a6 11. dxc5 Bxc5 12. axb5 axb5 13. Rxa8 Bxa8 14. Nc3 0-0 15. Qb3 Ne4 16. Nxe4 Bxe4 17. Ne5 Bxg2 18. Kxg2 Bd4 19. Nf3 Nc6 20. Bd2 h6 21. Rc1 Rd8 22. Rc2 Ne5 23. Nxe5 Bxe5 24. Qf3 Qd6 25. Ba5 Rd7 26. Rd2 Bd4 27. Qa8+ Kh7 28. e3 Ra7 29. Qe4+ f5 30. Rxd4 Qa6 31. Qe5 Qc6+ 32. e4 Rxa5 33. Rd6 Qxe4+ 34. Qxe4 fxe4 35. Rxe6 Ra4 36. h4 Rb4 37. g4 Kg8 38. Kg3 Kf7 39. Re5 Kf6 40. Re8 Kf7 41. Re5 Kf6 42. Rf5+ Ke6 43. Rf4 Ke5 44. Rf7 g6 45. Re7+ Kf6 46. Re8 Kf7 47. Re5 Kf6 48. Re8 Kf7 49. Rh8 Kg7 50. Re8 Kf7 51. Rh8 Kg7 1/2-1/2

[Event "Khanty-Mansiysk Governor Cup 20th"]
[Site "Khanty-Mansiysk"]
[Date "2024.11.13"]
[Round "9"]
[White "Shakhov, Dmitriy"]
[Black "Kleymenova, Valeria"]
[Result "1/2-1/2"]
[WhiteElo "1955"]
[BlackElo "2035"]
[PlyCount "231"]
[EventDate "2024.11.05"]
[EventType "swiss"]
[EventRounds "9"]
[EventCountry "RUS"]
[SourceTitle "CB47_2024"]
[SourceDate "2024.11.20"]
[SourceVersion "1"]
[SourceVersionDate "2024.11.20"]
[SourceQuality "1"]

1. d4 Nf6 2. c4 e6 3. Nc3 d5 4. cxd5 exd5 5. Bg5 c6 6. e3 Bf5 7. Qf3 Bg6 8. Bxf6 gxf6 9. h4 h5 10. Qd1 Qb6 11. Qd2 Na6 12. a3 Nc7 13. Be2 Ne6 14. Nf3 a5 15. 0-0 Bd6 16. Bd3 0-0 17. g3 Kg7 18. Kg2 Rfe8 19. Rfe1 Rad8 20. Re2 Be7 21. Qc2 Qc7 22. Rd1 Bd6 23. Ree1 Rg8 24. Ne2 Rde8 25. Nf4 Kh6 26. Nxg6 fxg6 27. e4 Qf7 28. Qd2+ Kg7 29. Qxa5 dxe4 30. Rxe4 Qd7 31. d5 Nf4+ 32. Rxf4 Bxf4 33. dxc6 bxc6 34. Qa4 Bd6 35. Qc2 Kh7 36. Nd4 Be5 37. Nxc6 Qb7 38. b4 Rg7 39. a4 Kh6 40. b5 g5 41. Be4 Qb6 42. hxg5+ Rxg5 43. Rd7 Rh8 44. Qc4 Bxg3 45. fxg3 Qe3 46. Bf3 Rhg8 47. Qh4 Qe1 48. Bg4 Qe4+ 49. Kf2 Rxg4 50. Qxf6+ R4g6 51. Qf4+ Qxf4+ 52. gxf4 h4 53. Ne7 Rg2+ 54. Kf3 R2g3+ 55. Ke4 Re8 56. Kd4 Ra3 57. Nf5+ Kg6 58. Nxh4+ Kh5 59. Nf5 Rxa4+ 60. Kd5 Kg4 61. Nd6 Rb8 62. f5 Rxb5+ 63. Nxb5 Kxf5 64. Rf7+ Kg6 65. Nd6 Kg5 66. Rf1 Ra5+ 67. Ke6 Ra6 68. Rf8 Kg4 69. Ke5 Ra5+ 70. Kd4 Ra4+ 71. Nc4 Kg5 72. Kd5 Ra1 73. Ne3 Ra5+ 74. Ke4 Ra4+ 75. Ke5 Ra5+ 76. Nd5 Kg4 77. Rf4+ Kg3 78. Rd4 Kf3 79. Kf5 Rc5 80. Ke5 Ra5 81. Rd2 Kg4 82. Rd3 Rb5 83. Ra3 Rc5 84. Ra4+ Kf3 85. Rf4+ Kg3 86. Rf8 Ra5 87. Kd4 Ra4+ 88. Kd3 Kg4 89. Ne7 Ra3+ 90. Ke4 Ra4+ 91. Ke5 Ra5+ 92. Nd5 Kg3 93. Rb8 Kf3 94. Kd4 Ra4+ 95. Nb4 Kf4 96. Rb5 Kf3 97. Ke5 Ra8 98. Nd5 Re8+ 99. Kd4 Rd8 100. Rb7 Rd6 101. Rb3+ Kf2 102. Ke4 Ra6 103. Kf4 Ke2 104. Rh3 Ra4+ 105. Ke5 Ra8 106. Nc3+ Kf2 107. Ne4+ Ke2 108. Rh6 Re8+ 109. Kd4 Rd8+ 110. Nd6 Kf3 111. Rf6+ Ke2 112. Ke4 Kd2 113. Nb7 Re8+ 114. Kd4 Ke2 115. Rf7 Rh8 116. Nd6 1/2-1/2

[Event "Khanty-Mansiysk Governor Cup 20th"]
[Site "Khanty-Mansiysk"]
[Date "2024.11.11"]
[Round "7"]
[White "Shakhov, Dmitriy"]
[Black "Rozhdestvensky, Mikhail"]
[Result "0-1"]
[WhiteElo "1955"]
[BlackElo "2060"]
[PlyCount "52"]
[EventDate "2024.11.05"]
[EventType "swiss"]
[EventRounds "9"]
[EventCountry "RUS"]
[SourceTitle "CB47_2024"]
[SourceDate "2024.11.20"]
[SourceVersion "1"]
[SourceVersionDate "2024.11.20"]
[SourceQuality "1"]

1. e4 e5 2. Nf3 Nc6 3. Bc4 Bc5 4. c3 Nf6 5. d4 exd4 6. b4 Be7 7. b5 Na5 8. Bd3 d5 9. e5 Ne4 10. cxd4 0-0 11. Qc2 f5 12. exf6 Bxf6 13. Bb2 Bg4 14. Na3 c5 15. Bxe4 dxe4 16. Ne5 Bf5 17. Rd1 Bxe5 18. dxe5 Qg5 19. 0-0 Bg4 20. Qc1 e3 21. f4 Rxf4 22. Rxf4 Qxf4 23. Rf1 Qe4 24. Qxc5 e2 25. Re1 Rf8 26. Bc3 Bh3 0-1

[Event "Chigorin Memorial 31st"]
[Site "St Petersburg"]
[Date "2024.10.29"]
[Round "4"]
[White "Belov, Andrey"]
[Black "Shakhov, Dmitriy"]
[Result "1/2-1/2"]
[WhiteElo "1835"]
[BlackElo "1955"]
[PlyCount "85"]
[EventDate "2024.10.26"]
[EventType "swiss"]
[EventRounds "9"]
[EventCountry "RUS"]
[SourceTitle "CB45_2024"]
[Source "ChessBase"]
[SourceDate "2024.11.06"]
[SourceVersion "1"]
[SourceVersionDate "2024.11.06"]
[SourceQuality "1"]

1. d4 d5 2. Nf3 Nf6 3. e3 c5 4. b3 cxd4 5. exd4 g6 6. Bd3 Bg7 7. 0-0 0-0 8. h3 Nc6 9. Bb2 Nb4 10. a3 Nxd3 11. Qxd3 Bf5 12. Qe2 Rc8 13. c3 Re8 14. Nbd2 Qb6 15. a4 Nd7 16. a5 Qd8 17. Qb5 e5 18. dxe5 Nc5 19. c4 Bd7 20. Qb4 Nd3 21. Qc3 Nxe5 22. Nxe5 Bxe5 23. Qc1 Bf4 24. Qd1 Be6 25. c5 d4 26. Ra4 Bxh3 27. Nf3 Bf5 28. Rxd4 Qc7 29. Rd5 Re4 30. Re1 Rce8 31. Rxe4 Bxe4 32. Qd4 f6 33. Rd7 Qc6 34. Qxf6 Qxf6 35. Bxf6 h6 36. Nd4 Bc6 37. Rd8 Rxd8 38. Bxd8 a6 39. g3 Be5 40. Nxc6 bxc6 41. Kg2 Kf7 42. Kf3 Bd4 43. Bb6 1/2-1/2

[Event "St Petersburg Rapid GP"]
[Site "St Petersburg"]
[Date "2024.08.24"]
[Round "3"]
[White "Shubin, Kirill"]
[Black "Shakhov, Dmitriy"]
[Result "1-0"]
[WhiteElo "2459"]
[BlackElo "2107"]
[PlyCount "131"]
[EventDate "2024.08.24"]
[EventType "swiss (rapid)"]
[EventRounds "11"]
[EventCountry "RUS"]
[SourceTitle "CBM 221 Extra"]
[Source "ChessBase"]
[SourceDate "2024.09.30"]
[SourceVersion "1"]
[SourceVersionDate "2024.09.30"]
[SourceQuality "1"]

1. e4 e6 2. d4 d5 3. Nd2 c5 4. Ngf3 cxd4 5. Nxd4 Nc6 6. Bb5 Bd7 7. Nxc6 bxc6 8. Bd3 Bd6 9. Qe2 e5 10. c4 Nf6 11. 0-0 0-0 12. cxd5 cxd5 13. exd5 Nxd5 14. Nc4 Bc7 15. Be4 Ba4 16. Qf3 Nb4 17. Bxa8 Qxa8 18. Qxa8 Rxa8 19. b3 Bc6 20. Ba3 Nd3 21. Bd6 Bxd6 22. Nxd6 Rd8 23. Nf5 Kf8 24. Rfd1 g6 25. Rac1 Bb5 26. Ne3 Rd7 27. Rc8+ Ke7 28. Rb8 Ba6 29. b4 e4 30. f3 Bb7 31. fxe4 Bxe4 32. Ng4 Rc7 33. Nf2 Nxf2 34. Kxf2 f5 35. Rd2 Ke6 36. a4 Rc4 37. a5 g5 38. b5 Ra4 39. b6 axb6 40. axb6 Rb4 41. g3 h5 42. Rh8 h4 43. gxh4 gxh4 44. Rxh4 Ke5 45. Rh6 Kf4 46. Rg6 Rb1 47. Re2 Rh1 48. Rh6 Kg5 49. Rd6 Rxh2+ 50. Ke3 Rh3+ 51. Kd4 Rb3 52. Kc4 Rb1 53. Kc3 Rc1+ 54. Kb2 Rh1 55. Ka3 Ra1+ 56. Kb2 Rh1 57. Rf2 f4 58. Kc3 Kf5 59. Rb2 Ke5 60. Rd8 f3 61. Re8+ Kf4 62. b7 Bxb7 63. Rxb7 Rd1 64. Rf7+ Kg3 65. Rg8+ Kf2 66. Rgf8 1-0

[Event "Moscow-ch op Superfinal"]
[Site "Ershovo"]
[Date "2024.03.01"]
[Round "10"]
[White "Shakhov, Dmitriy"]
[Black "Smirnova, Ekaterina"]
[Result "0-1"]
[WhiteElo "1907"]
[BlackElo "2190"]
[PlyCount "28"]
[EventDate "2024.02.23"]
[EventType "swiss"]
[EventRounds "10"]
[EventCountry "RUS"]
[SourceTitle "CBM 219 Extra"]
[Source "ChessBase"]
[SourceDate "2024.05.31"]
[SourceVersion "1"]
[SourceVersionDate "2024.05.31"]
[SourceQuality "1"]

1. d4 d5 2. c4 e6 3. Nc3 a6 4. e3 Nf6 5. Nf3 dxc4 6. Bxc4 b5 7. Bb3 Bb7 8. 0-0 Be7 9. Qe2 0-0 10. Rd1 Nbd7 11. e4 b4 12. d5 bxc3 13. dxe6 fxe6 14. Bxe6+ Kh8 0-1

[Event "Ufa Startsev Memorial Blitz"]
[Site "Ufa"]
[Date "2024.02.03"]
[Round "5"]
[White "Vorobiov, Evgeny E"]
[Black "Shakhov, Dmitriy"]
[Result "0-1"]
[WhiteElo "2418"]
[BlackElo "1907"]
[PlyCount "56"]
[EventDate "2024.02.03"]
[EventType "swiss (blitz)"]
[EventRounds "13"]
[EventCountry "RUS"]
[SourceTitle "CBM 218 Extra"]
[Source "ChessBase"]
[SourceDate "2024.03.31"]
[SourceVersion "1"]
[SourceVersionDate "2024.03.31"]
[SourceQuality "1"]

1. d4 d5 2. c4 c6 3. Nf3 Nf6 4. Nbd2 Bf5 5. Nh4 Bc8 6. e3 e6 7. Bd3 Be7 8. 0-0 Nbd7 9. b3 0-0 10. Bb2 b6 11. f4 dxc4 12. bxc4 c5 13. f5 cxd4 14. exd4 Nc5 15. Bc2 Na6 16. fxe6 Bxe6 17. d5 Bg4 18. Nhf3 Nb4 19. Ne4 Nxc2 20. Qxc2 Bh5 21. d6 Nxe4 22. dxe7 Qxe7 23. Rae1 Bg6 24. Ne5 Qc5+ 25. Kh1 Ng3+ 26. hxg3 Bxc2 27. Rf4 Rfe8 28. Rxf7 Rxe5 0-1

[Event "Zudov Memorial"]
[Site "Nizhnij Tagil"]
[Date "2023.07.29"]
[Round "5"]
[White "Shakhov, Dmitriy"]
[Black "Polschikov, Alexey"]
[Result "0-1"]
[WhiteElo "1908"]
[BlackElo "2420"]
[PlyCount "100"]
[EventDate "2023.07.29"]
[EventType "swiss (rapid)"]
[EventRounds "11"]
[EventCountry "RUS"]
[SourceTitle "CBM 215 Extra"]
[Source "ChessBase"]
[SourceDate "2023.09.30"]
[SourceVersion "1"]
[SourceVersionDate "2023.09.30"]
[SourceQuality "1"]

1. d4 Nf6 2. c4 e6 3. Nc3 Bb4 4. f3 d5 5. a3 Be7 6. e4 dxc4 7. Bxc4 0-0 8. Nge2 c5 9. Be3 cxd4 10. Nxd4 a6 11. 0-0 Qc7 12. Be2 Rd8 13. Qe1 e5 14. Nf5 Bc5 15. Qf2 Bxe3 16. Nxe3 Be6 17. Rac1 Nc6 18. Bc4 Bxc4 19. Nxc4 Nd4 20. Nd5 Nxd5 21. Ne3 Qb6 22. exd5 Rxd5 23. Nxd5 Ne2+ 24. Kh1 Qxf2 25. Rxf2 Nxc1 26. h4 Rd8 27. Rc2 Nd3 28. h5 h6 29. Ne7+ Kf8 30. Rc7 b5 31. Nc6 Re8 32. b4 f5 33. Kg1 e4 34. fxe4 fxe4 35. Nd4 e3 36. Ne2 Re6 37. g4 Ne5 38. Kg2 Rf6 39. Nd4 Nxg4 40. Rc8+ Kf7 41. Rc7+ Kf8 42. Rc8+ Ke7 43. Rc7+ Kd6 44. Rxg7 Rf4 45. Ne2 Rf2+ 46. Kg3 Nf6 47. Rg6 Ke5 48. Nc1 Nxh5+ 49. Kh4 Nf4 50. Rg8 Rh2+ 0-1

[Event "Zudov Memorial"]
[Site "Nizhnij Tagil"]
[Date "2023.07.29"]
[Round "3"]
[White "Shakhov, Dmitriy"]
[Black "Somkin, Kirill"]
[Result "0-1"]
[WhiteElo "1908"]
[BlackElo "2198"]
[PlyCount "136"]
[EventDate "2023.07.29"]
[EventType "swiss (rapid)"]
[EventRounds "11"]
[EventCountry "RUS"]
[SourceTitle "CBM 215 Extra"]
[Source "ChessBase"]
[SourceDate "2023.09.30"]
[SourceVersion "1"]
[SourceVersionDate "2023.09.30"]
[SourceQuality "1"]

1. d4 Nf6 2. c4 e6 3. Nc3 Bb4 4. f3 d5 5. a3 Be7 6. e4 dxe4 7. fxe4 c5 8. d5 exd5 9. exd5 0-0 10. Nf3 Bd6 11. Be2 Bg4 12. 0-0 Nbd7 13. Bg5 h6 14. Bh4 Qe7 15. Qc2 g5 16. Bf2 Rae8 17. Rae1 Qd8 18. Bd1 Bh5 19. Nd2 Bg6 20. Qc1 Qb8 21. h3 Bf4 22. Bc2 Bh5 23. Bf5 Kg7 24. g4 Bg6 25. Bxg6 fxg6 26. Qc2 b6 27. Nf3 h5 28. gxh5 Nxh5 29. Re6 Rxe6 30. dxe6 Ne5 31. Nxe5 Bxe5 32. Rd1 Nf4 33. Rd7+ Kh6 34. Ne4 Nxe6 35. h4 gxh4 36. Qd2+ Bf4 37. Qd5 Ng5 38. Nxg5 Bxg5 39. Rd6 Qe8 40. Re6 Qf7 41. Re2 Qxd5 42. cxd5 Rd8 43. Re5 a5 44. Kg2 a4 45. Kh3 Bf6 46. Re6 Bxb2 47. Rxb6 Bd4 48. Bxh4 Rxd5 49. Ra6 Bb2 50. Rxa4 Rd3+ 51. Kg4 Rxa3 52. Rc4 Bd4 53. Bg5+ Kg7 54. Rc2 Ra4 55. Kf3 Kf7 56. Re2 Bf6 57. Bf4 c4 58. Re4 Ra3+ 59. Kg4 Rc3 60. Re2 Rd3 61. Ra2 Rd7 62. Ra6 g5 63. Bg3 Rd4+ 64. Kf5 Rd5+ 65. Kg4 Rc5 66. Ra7+ Kg6 67. Ra6 c3 68. Bd6 Rc4+ 0-1

[Event "Urals-ch"]
[Site "Cheliabinsk"]
[Date "2022.03.22"]
[Round "7"]
[White "Rozhkov, Viacheslav"]
[Black "Shakhov, Dmitriy"]
[Result "1-0"]
[WhiteElo "2233"]
[BlackElo "1744"]
[PlyCount "71"]
[EventDate "2022.03.16"]
[EventType "swiss"]
[EventRounds "9"]
[EventCountry "RUS"]
[SourceTitle "CBM 207 Extra"]
[Source "ChessBase"]
[SourceDate "2022.05.31"]
[SourceVersion "1"]
[SourceVersionDate "2022.05.31"]
[SourceQuality "1"]

1. e4 c5 2. Nf3 e6 3. d4 cxd4 4. Nxd4 a6 5. Nc3 Qc7 6. g3 b5 7. Bg2 Bb7 8. 0-0 Nc6 9. Re1 d6 10. a4 b4 11. Nd5 Qb8 12. Nb6 Ra7 13. a5 Nge7 14. c3 e5 15. Nxc6 Nxc6 16. cxb4 Be7 17. Be3 0-0 18. Nd7 Qc8 19. Bh3 Kh8 20. Bxa7 Nxa7 21. Rc1 Nc6 22. Qh5 Qe8 23. Nxf8 Bxf8 24. Qg4 f5 25. exf5 Qa8 26. Bg2 Nd4 27. Bxb7 Qxb7 28. Rc3 Qxb4 29. Qe4 Qxa5 30. Kg2 Kg8 31. Qb7 h5 32. b4 Qa2 33. Rc8 h4 34. Re4 Qb3 35. Rxh4 d5 36. Rxf8+ 1-0

[Event "Khanty-Mansiysk Governor Cup 17th"]
[Site "Khanty-Mansiysk"]
[Date "2021.11.18"]
[Round "8"]
[White "Makhno, Maria"]
[Black "Shakhov, Dmitriy"]
[Result "1-0"]
[WhiteElo "1916"]
[BlackElo "1769"]
[PlyCount "119"]
[EventDate "2021.11.11"]
[EventType "swiss"]
[EventRounds "9"]
[EventCountry "RUS"]
[SourceTitle "CBM 205 Extra"]
[Source "ChessBase"]
[SourceDate "2022.01.31"]
[SourceVersion "1"]
[SourceVersionDate "2022.01.31"]
[SourceQuality "1"]

1. c4 Nf6 2. Nf3 e6 3. e3 b6 4. b3 Bb7 5. Bb2 Be7 6. Be2 0-0 7. 0-0 d6 8. d4 Ne4 9. Nc3 f5 10. d5 Nxc3 11. Bxc3 e5 12. Ne1 Nd7 13. f4 Bf6 14. Qc2 Qe7 15. Bd3 g6 16. Kh1 Qg7 17. Rc1 Rae8 18. b4 c6 19. Qb3 cxd5 20. cxd5 Qh6 21. Bb5 Qg7 22. Bc6 Rb8 23. Qa4 b5 24. Qxa7 exf4 25. Bxf6 Nxf6 26. exf4 Nxd5 27. Bxd5+ Bxd5 28. Rc7 Qh6 29. Nf3 Ra8 30. Qd4 Bc4 31. Re1 Rae8 32. Ree7 Rxe7 33. Rxe7 Bf7 34. Ng5 Qg7 35. Qxg7+ Kxg7 36. Rb7 Kg8 37. Nxf7 Rxf7 38. Rxb5 Ra7 39. Ra5 Rc7 40. g3 Rc2 41. a4 Rb2 42. Rb5 Ra2 43. a5 Kf7 44. Rb6 Ke6 45. a6 Kd5 46. Rb5+ Kc6 47. Ra5 Rxa5 48. bxa5 Kc7 49. Kg2 Kb8 50. Kf3 Ka7 51. Ke3 Kxa6 52. Kd4 Kxa5 53. Kd5 Kb5 54. Kxd6 Kb6 55. Ke6 Kc6 56. Kf6 Kd6 57. Kg7 Ke7 58. Kxh7 Kf6 59. Kh6 Kf7 60. h4 1-0

[Event "Khanty-Mansiysk Governor Cup 17th"]
[Site "Khanty-Mansiysk"]
[Date "2021.11.17"]
[Round "7"]
[White "Shakhov, Dmitriy"]
[Black "Mirzanurov, Bulat"]
[Result "0-1"]
[WhiteElo "1769"]
[BlackElo "2238"]
[PlyCount "82"]
[EventDate "2021.11.11"]
[EventType "swiss"]
[EventRounds "9"]
[EventCountry "RUS"]
[SourceTitle "CBM 205 Extra"]
[Source "ChessBase"]
[SourceDate "2022.01.31"]
[SourceVersion "1"]
[SourceVersionDate "2022.01.31"]
[SourceQuality "1"]

1. c4 Nf6 2. Nf3 g6 3. Nc3 d5 4. Qa4+ Nc6 5. d4 Bg7 6. Ne5 Bd7 7. Nxd7 Nxd7 8. cxd5 Nb6 9. Qd1 Nxd5 10. e3 0-0 11. Bc4 Nb6 12. Be2 f5 13. 0-0 e5 14. d5 Ne7 15. Qb3 Nexd5 16. e4 fxe4 17. a4 Kh8 18. a5 Nxc3 19. bxc3 Nd5 20. Ba3 Nf4 21. Bxf8 Nxe2+ 22. Kh1 Qxf8 23. Qxb7 Nxc3 24. Rac1 Ne2 25. Rxc7 Rd8 26. Qxe4 Qxf2 27. Qf3 Qxf3 28. gxf3 Rf8 29. Rb1 e4 30. fxe4 Be5 31. Re7 Bd6 32. Rd7 Be5 33. Rbb7 Bd4 34. Rxh7+ Kg8 35. e5 Rf1+ 36. Kg2 Rf2+ 37. Kh3 Bxe5 38. Rhe7 Ng1+ 39. Kh4 Rxh2+ 40. Kg5 Rg2+ 41. Kh4 Bf6# 0-1

[Event "Khanty-Mansiysk Governor Cup 17th"]
[Site "Khanty-Mansiysk"]
[Date "2021.11.15"]
[Round "5"]
[White "Alekseenko, Mariya"]
[Black "Shakhov, Dmitriy"]
[Result "1/2-1/2"]
[WhiteElo "1888"]
[BlackElo "1769"]
[PlyCount "126"]
[EventDate "2021.11.11"]
[EventType "swiss"]
[EventRounds "9"]
[EventCountry "RUS"]
[SourceTitle "CBM 205 Extra"]
[Source "ChessBase"]
[SourceDate "2022.01.31"]
[SourceVersion "1"]
[SourceVersionDate "2022.01.31"]
[SourceQuality "1"]

1. c4 Nf6 2. Nc3 e6 3. d4 b6 4. Nf3 Bb7 5. g3 Be7 6. Bg2 0-0 7. 0-0 Ne4 8. Qc2 Nxc3 9. Qxc3 d6 10. Qd3 f5 11. d5 e5 12. e4 Bc8 13. Nd2 Bg5 14. f4 exf4 15. gxf4 Bf6 16. Rb1 a5 17. Nf3 fxe4 18. Qxe4 Na6 19. f5 Nc5 20. Qg4 g6 21. Nd4 Bxd4+ 22. Qxd4 Bxf5 23. Bh6 Qf6 24. Qxf6 Rxf6 25. Rbe1 Rf7 26. Re3 Nd7 27. Rfe1 Ne5 28. b3 Rd7 29. h3 Kf7 30. Bf1 Kf6 31. Bf4 Re8 32. Kf2 Rde7 33. a3 g5 34. Bh2 Nd7 35. Rxe7 Rxe7 36. Rxe7 Kxe7 37. b4 axb4 38. axb4 b5 39. c5 dxc5 40. bxc5 Nxc5 41. Bxb5 Bxh3 42. Bxc7 Ne4+ 43. Kg1 Bd7 44. Bd3 Nf6 45. Be5 h5 46. Bc4 Ne4 47. Bd3 Nd6 48. Be2 Be8 49. Bc3 Bf7 50. Bf3 Nb5 51. Be5 Kd7 52. Be2 Nd6 53. Bf6 g4 54. Kh2 Bxd5 55. Be5 Nf5 56. Bd3 Ke6 57. Bc7 Nd4 58. Kg3 Kf6 59. Bd8+ Kf7 60. Bb6 Nf3 61. Be2 Ne5 62. Bc7 Ng6 63. Bxg4 hxg4 1/2-1/2

[Event "Sochi Lobanov Memorial Blitz"]
[Site "Sochi"]
[Date "2021.06.26"]
[Round "8"]
[White "Esipenko, Aleksandr"]
[Black "Shakhov, Dmitriy"]
[Result "1-0"]
[WhiteElo "2075"]
[BlackElo "1814"]
[PlyCount "97"]
[EventDate "2021.06.26"]
[EventType "swiss (blitz)"]
[EventRounds "13"]
[EventCountry "RUS"]
[SourceTitle "CBM 203 Extra"]
[Source "ChessBase"]
[SourceDate "2021.09.30"]
[SourceVersion "1"]
[SourceVersionDate "2021.09.30"]
[SourceQuality "1"]

1. e4 c5 2. Nc3 Nc6 3. g3 g6 4. Bg2 Bg7 5. d3 d6 6. f4 e6 7. Nf3 Nge7 8. 0-0 0-0 9. Ne2 Nd4 10. c3 Nxf3+ 11. Bxf3 b5 12. Be3 Rb8 13. Qd2 a5 14. Rad1 b4 15. d4 c4 16. e5 d5 17. g4 Qb6 18. Rc1 Bd7 19. Ng3 bxc3 20. bxc3 Qb2 21. Rc2 Qa3 22. Qe2 Rfd8 23. Bg2 Rb5 24. Bh3 Rdb8 25. Bc1 Qa4 26. f5 Bf8 27. fxg6 hxg6 28. Bg2 Rb1 29. h4 Qb5 30. h5 Qb7 31. Qf3 Be8 32. Rcf2 Nc6 33. Ne2 Ne7 34. Nf4 Bg7 35. Bh1 Qb5 36. Rh2 g5 37. h6 Bh8 38. Nh5 Ng6 39. h7+ Kf8 40. Rhf2 Rxc1 41. Rxc1 Qa4 42. Rcf1 Qa3 43. Qe3 Rb2 44. Qxg5 Qxa2 45. Rxb2 Qxb2 46. Qxg6 Qxc3 47. Qg8+ Ke7 48. Qxh8 Qg3+ 49. Nxg3 1-0

[Event "Moscow op-A 17th"]
[Site "Moscow"]
[Date "2021.02.24"]
[Round "5"]
[White "Zhuk, Kirill"]
[Black "Shakhov, Dmitriy"]
[Result "0-1"]
[WhiteElo "2054"]
[BlackElo "1738"]
[PlyCount "96"]
[EventDate "2021.02.20"]
[EventType "swiss"]
[EventRounds "9"]
[EventCountry "RUS"]
[SourceTitle "CBM 200 Extra"]
[Source "ChessBase"]
[SourceDate "2021.03.31"]
[SourceVersion "1"]
[SourceVersionDate "2021.03.31"]
[SourceQuality "1"]

1. e4 c5 2. Nf3 Nc6 3. d4 cxd4 4. Nxd4 g6 5. c4 d6 6. Nc2 Bg7 7. Be2 Nf6 8. Nc3 0-0 9. 0-0 Be6 10. Be3 Qa5 11. f3 Rfc8 12. Qd2 Nd7 13. Nd5 Qxd2 14. Bxd2 Bxd5 15. exd5 Nd4 16. Nxd4 Bxd4+ 17. Kh1 Nb6 18. Rfe1 Bxb2 19. Rab1 Bf6 20. Rb4 Rc7 21. f4 Rac8 22. Bg4 Rb8 23. Be2 h5 24. g4 hxg4 25. Rg1 Bd4 26. Rxg4 a5 27. Rb5 Nxc4 28. Bxc4 Rxc4 29. f5 b6 30. fxg6 fxg6 31. Rb3 Rbc8 32. Rxg6+ Kf7 33. Rh6 a4 34. Rf3+ Bf6 35. Rh7+ Ke8 36. Bf4 Rc3 37. Rf1 Kd7 38. Rb1 R8c4 39. Bg3 Rc1+ 40. Rxc1 Rxc1+ 41. Kg2 Rc2+ 42. Kf3 Rxa2 43. Ke4 a3 44. Kf5 Rd2 45. Kg6 a2 46. Kf7 a1Q 47. Bf4 Qa8 48. Bxd2 Qe8# 0-1

[Event "Moscow op-A 17th"]
[Site "Moscow"]
[Date "2021.02.23"]
[Round "4"]
[White "Shakhov, Dmitriy"]
[Black "Pestryakov, Nikita"]
[Result "1-0"]
[WhiteElo "1738"]
[BlackElo "1978"]
[PlyCount "97"]
[EventDate "2021.02.20"]
[EventType "swiss"]
[EventRounds "9"]
[EventCountry "RUS"]
[SourceTitle "CBM 200 Extra"]
[Source "ChessBase"]
[SourceDate "2021.03.31"]
[SourceVersion "1"]
[SourceVersionDate "2021.03.31"]
[SourceQuality "1"]

1. d4 d6 2. Nf3 g6 3. Nc3 Bg7 4. e4 Nd7 5. Qe2 e6 6. Bg5 Ne7 7. 0-0-0 h6 8. Bh4 a6 9. g4 b6 10. Bg2 Bb7 11. Rhe1 g5 12. Bg3 Ng6 13. Qd3 Qe7 14. Nd5 Qd8 15. Ne3 Nf4 16. Bxf4 gxf4 17. Nc4 Nf6 18. e5 Nxg4 19. Qe2 d5 20. Ncd2 h5 21. Bh3 Rg8 22. Rg1 Qd7 23. Rg2 Bf8 24. Rdg1 0-0-0 25. Bxg4 hxg4 26. Rxg4 Rxg4 27. Rxg4 Qa4 28. Kb1 c5 29. Rxf4 c4 30. Rxf7 c3 31. bxc3 Kb8 32. Qd3 Ba3 33. Nb3 Bc6 34. h4 Bb5 35. Qh7 Rd7 36. Rxd7 Bxd7 37. h5 Qc6 38. Qd3 Qc8 39. h6 Bb5 40. Qe3 Qg8 41. Qg5 Qf7 42. Nbd2 Ba4 43. Qd8+ Kb7 44. Qf6 Qh5 45. Qg7+ Kc6 46. c4 dxc4 47. h7 Qf5 48. Ne1 Qxf2 49. Qg2+ 1-0

[Event "Cheliabinsk Panchenko Memorial op-A"]
[Site "Cheliabinsk"]
[Date "2020.09.15"]
[Round "9"]
[White "Shakhov, Dmitriy"]
[Black "Grekhov, Roman"]
[Result "1-0"]
[WhiteElo "1800"]
[BlackElo "1517"]
[PlyCount "87"]
[EventDate "2020.09.07"]
[EventType "swiss"]
[EventRounds "9"]
[EventCountry "RUS"]
[SourceTitle "CBM 198 Extra"]
[Source "ChessBase"]
[SourceDate "2020.11.30"]
[SourceVersion "1"]
[SourceVersionDate "2020.11.30"]
[SourceQuality "1"]

1. d4 Nf6 2. Nf3 d6 3. c4 Nbd7 4. Nc3 e5 5. Bg5 Be7 6. e3 c6 7. Be2 0-0 8. 0-0 e4 9. Nd2 d5 10. Qb3 h6 11. Bf4 Nb6 12. cxd5 cxd5 13. Rac1 Bd6 14. Bxd6 Qxd6 15. Nb5 Qd8 16. a4 Bg4 17. Bxg4 Nxg4 18. a5 Nd7 19. Qxd5 Ngf6 20. Qa2 Qe7 21. Qa3 Qd8 22. h3 Kh8 23. Nd6 Rb8 24. N2xe4 Nxe4 25. Nxe4 f5 26. Nc5 Nxc5 27. Qxc5 b6 28. axb6 Rxb6 29. Ra1 f4 30. Rxa7 f3 31. Qe7 Rg6 32. Qxd8 Rxg2+ 33. Kh1 Rxd8 34. Rf7 Rb8 35. Rxf3 Rg5 36. Rb1 Rgb5 37. Rf7 Kg8 38. Rc7 R8b6 39. b4 Rxb4 40. Rxb4 Rxb4 41. Kg2 Kh7 42. Kf3 Kg6 43. d5 Kf6 44. d6 1-0

[Event "Cheliabinsk Panchenko Memorial op-A"]
[Site "Cheliabinsk"]
[Date "2020.09.12"]
[Round "6"]
[White "Zakirov, Timur"]
[Black "Shakhov, Dmitriy"]
[Result "1-0"]
[WhiteElo "1886"]
[BlackElo "1800"]
[PlyCount "71"]
[EventDate "2020.09.07"]
[EventType "swiss"]
[EventRounds "9"]
[EventCountry "RUS"]
[SourceTitle "CBM 198 Extra"]
[Source "ChessBase"]
[SourceDate "2020.11.30"]
[SourceVersion "1"]
[SourceVersionDate "2020.11.30"]
[SourceQuality "1"]

1. e4 c5 2. Nf3 Nc6 3. d4 cxd4 4. Nxd4 g6 5. c4 Bg7 6. Be3 Nf6 7. Nc3 Ng4 8. Qxg4 Nxd4 9. Qd1 Ne6 10. Rc1 0-0 11. Bd3 d6 12. 0-0 b6 13. b4 Bb7 14. f4 f5 15. c5 Kh8 16. exf5 gxf5 17. Bc4 Rf6 18. Nd5 Rg6 19. cxb6 axb6 20. Rf2 b5 21. Bxb5 Ra3 22. Bb6 Qa8 23. Nxe7 Rg4 24. Nxf5 Bf3 25. Be2 Rxg2+ 26. Rxg2 Bxg2 27. Nxd6 Bb7 28. f5 Nf4 29. Nxb7 Qg8 30. Bg4 Rd3 31. Qc2 Bf6 32. Qc8 Bd8 33. f6 Bxb6+ 34. Kf1 Bd8 35. Nxd8 Rxd8 36. Qxd8 1-0